000 00555cam a2200181ua 4500
001 6003
008 131030n ii |||gr||||Z||||||eng
040 _cMAIN
082 _a973
100 _aMatthiessen,
_eAuthor.
245 _aAmerican Renaissance :
_bArt and Expression in the Age of Emerson and whitman /
_cby F.O. Matthiessen .
260 _aDelhi:
_bOxford University Press,
_c1973.
300 _a663p.
653 _aUnited States
653 _aAmerican Renaissance
653 _aArt and Expression in the Age of Emerson and Whitman
942 _cBK
999 _c5157
_d5157